000 00954nam a2200289 i 4500
001 000027288
003 DO-SdBNP
005 20241119123632.0
007 ta
008 110331s1976 dr c 000 0 spa d
040 _aDO-SdBNP
_bspa
_cBNPHU
_erda
082 _axxxx
_bT266r, 1976
_222
100 1 _aTejera, Apolinar
_eautor
_943974
245 1 0 _aRectificaciones históricas /
_cApolinar Tejera; introducción Jorge Tena Reyes.
250 _a2a edición corregida
264 _aSanto Domingo, :
_bBiblioteca Nacional,
_c1976.
300 _avolumen :
_bretratos. ;
_c23 cm.
336 _ardacontent
_btexto
_2txt
337 _ardamedia
_bsin mediación
_2n
338 _ardacarrier
_bvolumen
_2nc
500 _aLa biblioteca posee el v. 3
504 _aIncluye referencias bibliográficas y notas al pie de las páginas
590 _aInventariado, 2024/DG
700 1 _aTena Reyes, Jorge,
_eintrodución
_98252
910 _aDG
942 _2ddc
_cLBS1
999 _c26780
_d26780